000 00856nas a2200277 4500
001 BR2015001139
003 BR-BrBNA
005 20231205125047.0
007 ta
008 230509b bl.|||p| |||| 00| 00por d
040 _aBR-BrBNA
_bpor
_cBiblioteca Nacional de Agricultura
041 _a(En)
072 _aF62
100 1 _aSudério, F.B.
100 1 _aGomes Filho, E.
100 1 _aCosta, J.H.
100 1 _aEnéas Filho, J.
245 1 _aBeta-galactosidases from cowpea stems: properties and gene expression under conditions of salt stress
650 _aFEIJÃO DE CORDA
650 _aENZIMA
650 _aPURIFICAÇÃO
650 _aSALINIDADE
773 0 _tRevista Ciência Agronômica (Brazil)
_xISSN 0045-6888
_g(Oct-Dec 2014), v. 45(4) p. 794-804
_wBR2015001139
909 _a202311
_bLúcia
_c55
_dLúcia Elande
942 _2AGRIS
_n0
_cANA
999 _c242402
_d242402